Computer organization and architecture : Designing for performance
Saved in:
| Main Author: | |
|---|---|
| Format: | Book |
| Language: | English |
| Published: |
Upper Saddle River :
Prentice Hall,
1996
|
| Edition: | 4.ed. |
| Subjects: | |
| Tags: |
No Tags, Be the first to tag this record!
|
MARC
| LEADER | 00000nam a22000003a 4500 | ||
|---|---|---|---|
| 001 | stu49802 | ||
| 005 | 20150617225709.3 | ||
| 008 | 990531s1996------------------------eng-d | ||
| 020 | |a 0-13-359985-X | ||
| 040 | |a STU |b slo | ||
| 041 | 0 | |a eng | |
| 080 | |a 681.32.02 |7 stu_us_auth*stu8293 | ||
| 084 | |a C5220 |2 INS | ||
| 100 | 1 | |a Stallings, William |4 aut | |
| 245 | 1 | |a Computer organization and architecture : |b Designing for performance | |
| 250 | |a 4.ed. | ||
| 260 | |a Upper Saddle River : |b Prentice Hall, |c 1996 | ||
| 300 | |a 682 s | ||
| 650 | 7 | |a architektúra počítačov |2 stusub | |
| 650 | 7 | |a počítačové systémy |2 stusub | |
| 650 | 7 | |a paralelné počítače |2 stusub | |
| 650 | 7 | |a RISC architektúry |2 stusub | |
| 650 | 7 | |a CPU |2 stusub | |
| 996 | |b 284EK87742 |c E*87742 |l EE12 |s P |a 0 |w stu49802_0001 | ||
| 996 | |c I*7PS5281 |l I |s A |a 24 |w stu49802_0002 | ||